LEADER 00989nam0 22003013i 450 001 NAP0296053 005 20231121125600.0 010 $a8884023505 100 $a20220510d2002 ||||0itac50 ba 101 | $aita 102 $ait 181 1$6z01$ai $bxxxe 182 1$6z01$an 200 1 $aNapoleone$fLuigi Mascilli Migliorini 205 $a2. ed 210 $aRoma$cSalerno$d2002 215 $a654 p., \4! c. di tav.$d24 cm. 225 | $aProfili$v29 410 0$1001CFI0129367$12001 $aProfili$v29 700 1$aMascilli Migliorini$b, Luigi$3CFIV015836$4070$091825 801 3$aIT$bIT-01$c20220510 850 $aIT-FR0098 899 $aBiblioteca Area Giuridico Economica$bFR0098 $eN 912 $aNAP0296053 950 0$aBiblioteca Area Giuridico Economica$d 53ATENE F1 MAS$e 53ATE0000273745 VMS A4 Dono Fam. Carandini$fA $h20220510$i20220510 977 $a 53 996 $aNapoleone$9705949 997 $aUNICAS